| 000 | 01243nam a22002297a 4500 | ||
|---|---|---|---|
| 999 |
_c168618 _d168618 |
||
| 005 | 20191018143610.0 | ||
| 010 | _aB-730561 B-730575 | ||
| 020 |
_a9789353093259 _c35.00 |
||
| 035 | _aB-730561 | ||
| 035 | _aB-730575 | ||
| 037 | _bडी.बी.ए.डी./ उपहार | ||
| 082 | _aक | ||
| 100 | _aधीर, शैला | ||
| 245 |
_aगोबी का सबसे प्यारा मित्र / _cशैला धीर ; अंजोरा नौरोन्हा द्वारा चित्रांकित; दीपा त्रिपाठी द्वारा हिन्दी अनुवाद |
||
| 260 |
_aनई दिल्ली _bप्रथम बुक्स _c2018 |
||
| 270 |
_a#621, 2nd floor, 5th Main, OMBR Layout, Banaswadi, _bBengaluru _e560043 _k+91 80 42052574, 91 11 41042483 |
||
| 300 |
_a10पृ. _bसचित्र _c14x20 सेमी (अजिल्द) |
||
| 700 |
_928835 _aनौरोन्हा, अंजोरा |
||
| 700 |
_928836 _aत्रिपाठी, दीपा |
||
| 942 |
_2ddc _cCH _hक _mधीरशै |
||